[Event "Iasi op"]
[Site "Iasi"]
[Date "2014.05.12"]
[Round "3"]
[White "Iorga, Corneliu"]
[Black "Strasevici, Ana"]
[Result "1-0"]
[WhiteElo "1692"]
[BlackElo "1502"]
[PlyCount "71"]
[EventDate "2014.05.10"]
[EventType "swiss"]
[EventRounds "9"]
[EventCountry "ROU"]
[SourceTitle "CBM 160 Extra"]
[Source "ChessBase"]
[SourceDate "2014.07.01"]
[SourceVersion "1"]
[SourceVersionDate "2014.07.01"]
[SourceQuality "1"]

1. g4 e6 2. Bg2 d5 3. b3 Nf6 4. h3 c5 5. e3 Nc6 6. Bb2 h6 7. Ne2 Bd7 8. d3 e5 9. Nd2 Bd6 10. c4 d4 11. Ng3 Nh7 12. Nde4 Qe7 13. Nxd6+ Qxd6 14. Ne4 Qe7 15. Ba3 b6 16. 0-0 0-0 17. Ng3 Rac8 18. e4 Qh4 19. Bc1 Ng5 20. Kh2 Ne7 21. f4 exf4 22. Bxf4 Ne6 23. Bd6 Rfe8 24. Nh5 Ng6 25. Qe2 Qd8 26. Rf2 Bc6 27. Bg3 Re7 28. Raf1 Qd7 29. Rf5 Rf8 30. Be1 a6 31. h4 Nh8 32. g5 Ng6 33. gxh6 Qd8 34. hxg7 Nxg7 35. Nf6+ Kh8 36. Rh5+ 1-0

[Event "Iasi op"]
[Site "Iasi"]
[Date "2014.05.10"]
[Round "1"]
[White "Iorga, Corneliu"]
[Black "Vermeulen, Wesley"]
[Result "0-1"]
[WhiteElo "1692"]
[BlackElo "2233"]
[PlyCount "49"]
[EventDate "2014.05.10"]
[EventType "swiss"]
[EventRounds "9"]
[EventCountry "ROU"]
[SourceTitle "CBM 160 Extra"]
[Source "ChessBase"]
[SourceDate "2014.07.01"]
[SourceVersion "1"]
[SourceVersionDate "2014.07.01"]
[SourceQuality "1"]

1. g4 e5 2. Bg2 d5 3. d4 e4 4. c4 c6 5. h3 Bd6 6. Nc3 Ne7 7. Bg5 f6 8. Bd2 Be6 9. Qb3 Na6 10. c5 Bxc5 11. dxc5 Nxc5 12. Qa3 b6 13. b4 Nd7 14. f4 f5 15. g5 d4 16. Nd1 e3 17. Nxe3 dxe3 18. Qxe3 Kf7 19. Nf3 Nd5 20. Ne5+ Nxe5 21. Qxe5 Re8 22. Rd1 Kg8 23. Qb2 Bf7 24. Bxd5 Bxd5 25. Rh2 0-1

[Event "World Amateur-ch"]
[Site "Iasi"]
[Date "2013.04.28"]
[Round "7"]
[White "Iorga, Corneliu"]
[Black "Baasansuren, Erdene"]
[Result "1/2-1/2"]
[WhiteElo "1666"]
[BlackElo "1871"]
[PlyCount "90"]
[EventDate "2013.04.22"]
[EventType "swiss"]
[EventRounds "9"]
[EventCountry "ROU"]
[SourceTitle "CBM 154 Extra"]
[Source "ChessBase"]
[SourceDate "2013.06.25"]
[SourceVersion "2"]
[SourceVersionDate "2013.06.25"]
[SourceQuality "1"]

1. e4 c5 2. Nf3 e6 3. d4 cxd4 4. c3 d3 5. Bxd3 Nc6 6. Nbd2 Qc7 7. Nf1 Nf6 8. Ng3 d5 9. exd5 Nxd5 10. 0-0 Be7 11. Re1 0-0 12. Bg5 Rd8 13. Qa4 Bxg5 14. Nxg5 h6 15. Nf3 b6 16. Rad1 Bb7 17. Nh5 Re8 18. Qg4 f5 19. Qa4 g6 20. c4 Nf4 21. Nf6+ Kg7 22. Nxe8+ Rxe8 23. Bb1 Re7 24. b4 e5 25. g3 Nh3+ 26. Kf1 Ng5 27. Nh4 Nd4 28. Rxd4 exd4 29. Rxe7+ Qxe7 30. Bxf5 Qf7 31. Qd7 gxf5 32. Nxf5+ Kh7 33. Qxf7+ Nxf7 34. Nxd4 Ba6 35. b5 Bb7 36. Ke2 Ne5 37. f4 Nxc4 38. Kd3 Nd6 39. g4 Kg6 40. a4 Kf6 41. h4 Ne4 42. g5+ hxg5 43. hxg5+ Kg6 44. Kc4 Nc5 45. a5 Ba8 1/2-1/2

[Event "World Amateur-ch"]
[Site "Iasi"]
[Date "2013.04.26"]
[Round "5"]
[White "Iorga, Corneliu"]
[Black "Andor, Jorge"]
[Result "0-1"]
[WhiteElo "1666"]
[BlackElo "1865"]
[PlyCount "84"]
[EventDate "2013.04.22"]
[EventType "swiss"]
[EventRounds "9"]
[EventCountry "ROU"]
[SourceTitle "CBM 154 Extra"]
[Source "ChessBase"]
[SourceDate "2013.06.25"]
[SourceVersion "2"]
[SourceVersionDate "2013.06.25"]
[SourceQuality "1"]

1. e4 c5 2. Nc3 d6 3. f4 g6 4. Nf3 Bg7 5. Bc4 e6 6. 0-0 Ne7 7. Qe1 0-0 8. d3 Nbc6 9. a3 a6 10. f5 d5 11. Ba2 exf5 12. Bg5 dxe4 13. Nd5 exf3 14. Nxe7+ Nxe7 15. Qxe7 Bd4+ 16. Kh1 Qxe7 17. Bxe7 Re8 18. Rae1 f2 19. Re2 f4 20. Re4 Be3 21. g3 Bg4 22. Kg2 Bf5 23. Re5 Bd4 24. Rxf5 gxf5 25. Bg5 Re2 26. Bb3 Re1 27. Bxf4 Rxf1 28. Kxf1 Re8 29. Bd2 Bxb2 30. a4 Bd4 31. Bc4 Kg7 32. c3 Be3 33. Bxe3 Rxe3 34. Kxf2 Re7 35. h3 Kg6 36. Kf1 Kg5 37. Kf2 h5 38. h4+ Kf6 39. Kf1 Ke5 40. Kf2 f4 41. Kf3 fxg3 42. Kxg3 f5 0-1